000 00471nam a2200181Ia 4500
001 20435
005 20260306172806.0
008 260306t2020||||xx |||||||||||||| ||spa||
041 _aESP
082 _a343.2J
_bT81 T. 10
100 _aTribunal Constitucional del Perú
_eAUT
245 0 _aJurisprudencia relevante del Tribunal Constitucional
260 _c2020
300 _a1461 páginas :
_c24 cm.
650 _aGEN
654 _aCDE
942 _cLIB
_dJUS
_fJUS
_2ddc
_n
999 _c20435
_d20435